Central Library OPAC University of Rajshahi

Instructions; (Record no. 75329)

MARC details
000 -LEADER
fixed length control field 01001nam a2200325I 4500
001 - CONTROL NUMBER
control field 75329
003 - CONTROL NUMBER IDENTIFIER
rucl marc code BD-RjUL
005 - DATE AND TIME OF LATEST TRANSACTION
control field 20211209082655.0
008 - FIXED-LENGTH DATA ELEMENTS--GENERAL INFORMATION
fixed length control field 730607s1954 waua 1 eng u
035 ## - SYSTEM CONTROL NUMBER
System control number MITb10042160
System control number (BD-RjUL)75547
System control number GLIS00042160
040 ## - CATALOGING SOURCE
Transcribing agency CPL
Modifying agency MYG
Original cataloging agency BD-RjUL
Language of cataloging eng
041 ## - LANGUAGE CODE
Language code of text/sound track or separate title eng
049 ## - LOCAL HOLDINGS (OCLC)
Holding library MYGR
Copy statement [782980]
082 ## - DEWEY DECIMAL CLASSIFICATION NUMBER
Edition number 23
Classification number 720
Author mark and year AMI 1954
090 ## - LOCALLY ASSIGNED LC-TYPE CALL NUMBER (OCLC); LOCAL CALL NUMBER (OCLC)
Classification number (OCLC) (R) ; Classification number, CALL (RLIN) (NR) HF5686.A7
Local cutter number (OCLC) ; Book number/undivided call number, CALL (RLIN) A4 1954
099 ## - LOCAL FREE-TEXT CALL NUMBER (OCLC)
Bangla Class number HF5686.A7.A4 1954
110 2# - MAIN ENTRY--CORPORATE NAME
Corporate name or jurisdiction name as entry element American Institute of Architects.
9 (RLIN) 229016
245 10 - TITLE STATEMENT
Title Instructions;
Remainder of title standardized accounting for architects /
Statement of responsibility, etc. American Institute of Architects.
260 ## - PUBLICATION, DISTRIBUTION, ETC. (IMPRINT)
Place of publication, distribution, etc. Washington :
Date of publication, distribution, etc. 1954.
Name of publisher, distributor, etc. The American Institute
300 ## - PHYSICAL DESCRIPTION
Pagination 1 v. (loose-leaf)
Size 29 cm.
505 ## - FORMATTED CONTENTS NOTE
Formatted contents note Vol. 1. preliminary considerations
650 #0 - SUBJECT ADDED ENTRY--TOPICAL TERM
Topical term or geographic name as entry element Architecture
9 (RLIN) 229017
Topical term or geographic name as entry element Architecture
General subdivision Accounting.
9 (RLIN) 229031
910 ## - USER-OPTION DATA (OCLC)
User-option data 782980LRC771027
942 ## - ADDED ENTRY ELEMENTS (KOHA)
Source of classification or shelving scheme Dewey Decimal Classification
Koha item type Books
Holdings
Lost status Source of classification or shelving scheme Damaged status Not for loan Collection code Permanent Location Current Location Shelving location Date acquired Source of acquisition Cost, normal purchase price Total Checkouts Full call number Date last seen Copy number Koha item type
  Dewey Decimal Classification   Not For Loan Non-fiction Central Library, University of Rajshahi Central Library, University of Rajshahi Reading Room 28/10/1965 zeitlinger 56.00   720 AMI 1954 06/03/2019 C-1 Books
  Dewey Decimal Classification     Non-fiction Central Library, University of Rajshahi Central Library, University of Rajshahi   28/10/1965 zeitlinger 56.00   720 AMI 1954 06/03/2019 C-2 Books
  Dewey Decimal Classification     Non-fiction Central Library, University of Rajshahi Central Library, University of Rajshahi   28/10/1965 zeitlinger 56.00   720 AMI 1954 06/03/2019 C-3 Books
  Dewey Decimal Classification     Non-fiction Central Library, University of Rajshahi Central Library, University of Rajshahi   28/10/1965 zeitlinger 56.00   720 AMI 1954 06/03/2019 C-5 Books
  Dewey Decimal Classification     Non-fiction Central Library, University of Rajshahi Central Library, University of Rajshahi   28/10/1965 zeitlinger 56.00   720 AMI 1954 06/03/2019 C-7 Books
  Dewey Decimal Classification     Non-fiction Central Library, University of Rajshahi Central Library, University of Rajshahi   28/10/1965 zeitlinger 56.00   720 AMI 1954 06/03/2019 C-8 Books
  Dewey Decimal Classification     Non-fiction Central Library, University of Rajshahi Central Library, University of Rajshahi   28/10/1965 zeitlinger 56.00   720 AMI 1954 06/03/2019 C-9 Books
  Dewey Decimal Classification     Non-fiction Central Library, University of Rajshahi Central Library, University of Rajshahi   28/10/1965 zeitlinger 56.00   720 AMI 1954 06/03/2019 C-10 Books
  Dewey Decimal Classification     Non-fiction Central Library, University of Rajshahi Central Library, University of Rajshahi   28/10/1965 zeitlinger     720 AMI 1954 06/03/2019 C-6 Books
  Dewey Decimal Classification     Non-fiction Central Library, University of Rajshahi Central Library, University of Rajshahi   28/10/1965 zeitlinger 56.00   720 AMI 1954 06/03/2019 C-4 Books